<?xml version="1.0" encoding="UTF-8"?>
<record
    xmlns:xsi="http://www.w3.org/2001/XMLSchema-instance"
    xsi:schemaLocation="http://www.loc.gov/MARC21/slim http://www.loc.gov/standards/marcxml/schema/MARC21slim.xsd"
    xmlns="http://www.loc.gov/MARC21/slim">

  <leader>02668nac a22003011u 4500</leader>
  <datafield tag="090" ind1=" " ind2=" ">
    <subfield code="c">3422</subfield>
  </datafield>
  <controlfield tag="008">080806t        xxu||||| |||| 00| 0 eng d</controlfield>
  <datafield tag="010" ind1=" " ind2=" ">
    <subfield code="a">  2006017115</subfield>
  </datafield>
  <datafield tag="020" ind1=" " ind2=" ">
    <subfield code="a">9781405157155 (hardcover : alk. paper)</subfield>
  </datafield>
  <datafield tag="020" ind1=" " ind2=" ">
    <subfield code="a">1405157151 (hardcover : alk. paper)</subfield>
  </datafield>
  <datafield tag="082" ind1="0" ind2="0">
    <subfield code="a">330.0922</subfield>
    <subfield code="b">Sa498</subfield>
  </datafield>
  <datafield tag="245" ind1="0" ind2="0">
    <subfield code="a">Inside the economists mind :</subfield>
    <subfield code="b">the history of modern economic thought, as explained by those who produced it /</subfield>
    <subfield code="c">edited by Paul A. Samuelson and William A. Barnett.</subfield>
  </datafield>
  <datafield tag="246" ind1="3" ind2="0">
    <subfield code="a">History of modern economic thought</subfield>
  </datafield>
  <datafield tag="250" ind1=" " ind2=" ">
    <subfield code="a">1st ed.</subfield>
  </datafield>
  <datafield tag="260" ind1=" " ind2=" ">
    <subfield code="a">Malden, MA :</subfield>
    <subfield code="b">Blackwell Pub.,2007</subfield>
    <subfield code="c">2007.</subfield>
  </datafield>
  <datafield tag="300" ind1=" " ind2=" ">
    <subfield code="a">xxxvi, 419 p. : </subfield>
    <subfield code="b">ill. ; </subfield>
    <subfield code="c">24 cm.</subfield>
  </datafield>
  <datafield tag="504" ind1=" " ind2=" ">
    <subfield code="a">Includes bibliographical references.</subfield>
  </datafield>
  <datafield tag="505" ind1="0" ind2=" ">
    <subfield code="a">History of thought introduction : economists talking with economists : an historian's perspective / E. Roy Weintraub -- An interview with Wassily Leontief  / interviewed by Duncan K. Foley -- An interview with David Cass / interviewed jointly by Steven E. Spear and Randall Wright -- An interview with Robert E. Lucas, Jr. / interviewed by Bennett T. McCallum -- An interview with Ja&#xCC;?nos Kornai / interviewed by Olivier Blanchard -- An interview with Franco Modigliani / interviewed by William A. Barnett and Robert Solow -- An interview with Milton Friedman / interviewed by John B. Taylor -- An interview with Paul A. Samuelson / interviewed by William A. Barnett -- An interview with Paul A. Volcker / interviewed by Perry Mehrling -- An interview with Martin Feldstein / interviewed by James M. Poterba -- An interview with Christopher A. Sims / interviewed by Lars Peter Hansen -- An interview with Robert J. Shiller / interviewed by John Y. Campbell -- An interview with Stanley Fischer / interviewed by Olivier Blanchard -- An interview with Jacques Dre&#xCC;&#x20AC;ze / interviewed by Pierre Dehez and Omar Licandro -- An interview with Thomas J. Sargent / interviewed by George W. Evans and Seppo Honkapohja -- An interview with Robert Aumann / interviewed by Sergiu Hart -- Conversations with James Tobin and Robert J. Shiller on the Yale tradition in macroeconomics / conducted by David Colander.</subfield>
  </datafield>
  <datafield tag="650" ind1=" " ind2="0">
    <subfield code="a">Economists</subfield>
    <subfield code="v">Interviews.</subfield>
  </datafield>
  <datafield tag="650" ind1=" " ind2="0">
    <subfield code="a">Economists</subfield>
    <subfield code="v">Biography.</subfield>
  </datafield>
  <datafield tag="650" ind1=" " ind2="0">
    <subfield code="a">Economics.</subfield>
  </datafield>
  <datafield tag="650" ind1=" " ind2="0">
    <subfield code="a">Economics</subfield>
    <subfield code="x">History</subfield>
    <subfield code="y">20th century.</subfield>
  </datafield>
  <datafield tag="700" ind1="1" ind2=" ">
    <subfield code="a">Samuelson, Paul Anthony,</subfield>
    <subfield code="d">1915-</subfield>
  </datafield>
  <datafield tag="700" ind1="1" ind2=" ">
    <subfield code="a">Barnett, William A.</subfield>
  </datafield>
  <datafield tag="856" ind1="4" ind2="1">
    <subfield code="3">Table of contents only</subfield>
    <subfield code="u">http://www.loc.gov/catdir/toc/ecip0614/2006017115.html</subfield>
  </datafield>
  <datafield tag="942" ind1=" " ind2=" ">
    <subfield code="c">BB</subfield>
    <subfield code="k">330.0922Sa498</subfield>
    <subfield code="2">ddc</subfield>
  </datafield>
  <datafield tag="999" ind1=" " ind2=" ">
    <subfield code="c">3422</subfield>
    <subfield code="d">3422</subfield>
  </datafield>
  <datafield tag="952" ind1=" " ind2=" ">
    <subfield code="0">0</subfield>
    <subfield code="1">0</subfield>
    <subfield code="2">ddc</subfield>
    <subfield code="4">0</subfield>
    <subfield code="7">0</subfield>
    <subfield code="a">MAIN</subfield>
    <subfield code="b">MAIN</subfield>
    <subfield code="c">1ST</subfield>
    <subfield code="d">2010-04-07</subfield>
    <subfield code="e">Purchase</subfield>
    <subfield code="l">5</subfield>
    <subfield code="m">9</subfield>
    <subfield code="o">330.0922 INS</subfield>
    <subfield code="p">000030061</subfield>
    <subfield code="q">2019-11-23</subfield>
    <subfield code="r">2018-06-10 00:00:00</subfield>
    <subfield code="s">2018-06-10</subfield>
    <subfield code="y">BB</subfield>
  </datafield>
</record>
